| 000 | 00321nam a2200121Ia 4500 | ||
|---|---|---|---|
| 008 | 190216s9999||||xx |||||||||||||| ||und|| | ||
| 100 | _aChummar Choodnal | ||
| 245 | 0 | _aChristian Theatre In India | |
| 260 |
_b"Kerala Folklore Academy,Chettupuzha" _c1984 |
||
| 300 | _a225p | ||
| 650 | _aChemistry-Chemistry | ||
| 942 | _cREF | ||
| 999 |
_c35844 _d35844 |
||